| 000 | 00000nam##2200000za#4500 |
| 001 | 9.568571 |
| 003 | CaOODSP |
| 005 | 20240215150447 |
| 007 | cr ||||||||||| |
| 008 | 150406|2008||||xxc|||||o f|0| 0 eng|d |
| 040 | |aCaOODSP|beng |
| 043 | |an-cn--- |
| 086 | 1 |aPS83-3/201E-PDF |
| 110 | 2 |aCorrectional Service Canada. |
| 245 | 10|aStaying out : |h[electronic resource]|bWomen's perceptions of challenges and protective factors in community reintegration / |c[by] Renée Gobeil. |
| 260 | |bCorrectional Service Canada |cMay 2008. |
| 300 | |a60p.|bgraphs, references, tables |
| 490 | 1 |aResearch report|vR-201 |
| 590 | |a11-01-Supp|b2011-01-11 |
| 720 | 1 |aGobeil, Renée |
| 775 | 08|tRester dans la collectivité : |w(CaOODSP)9.599845 |
| 830 | #0|aResearch report (Correctional Service Canada. Research Branch)|vR-201|w(CaOODSP)9.506063 |
| 856 | 40|ahttp://publications.gc.ca|qPDF|s249 KB|uhttps://publications.gc.ca/collections/collection_2010/scc-csc/PS83-3-201-eng.pdf|yR-201 |